[Event "AUS-ch U12 op"]
[Site "Sandy Bay"]
[Date "2010.01.24"]
[Round "10"]
[White "Parsons, Sasha"]
[Black "Cannon, David"]
[Result "1-0"]
[WhiteElo "660"]
[BlackElo "571"]
[PlyCount "89"]
[EventDate "2010.01.14"]
[EventType "swiss"]
[EventRounds "11"]
[EventCountry "AUS"]
[SourceTitle "EXT 2011"]
[Source "ChessBase"]
[SourceDate "2010.11.26"]
[SourceVersion "1"]
[SourceVersionDate "2010.11.26"]
[SourceQuality "1"]

1. d4 f5 2. c4 Nf6 3. Nf3 e6 4. Bf4 d5 5. Nc3 c6 6. e3 Bd6 7. Bd3 0-0 8. 0-0 h6 9. Qe2 g5 10. Bxd6 Qxd6 11. h3 Nbd7 12. Rac1 Ne4 13. Nh2 Ndf6 14. Nf3 Bd7 15. Ne5 Be8 16. Qe1 g4 17. hxg4 fxg4 18. Be2 h5 19. f3 gxf3 20. Bxf3 c5 21. cxd5 exd5 22. a3 Kh8 23. Rd1 Rg8 24. Bxe4 Nxe4 25. Nxe4 dxe4 26. Qh4 Qh6 27. Qxe4 cxd4 28. Qxd4 Rg7 29. Qf4 Qb6 30. Qd4 Qh6 31. Rf8+ Kh7 32. Qe4+ Bg6 33. Nxg6 Rxg6 34. Rd7+ Qg7 35. Rxg7+ Kxg7 36. Rxa8 Kh6 37. Qe5 Rg7 38. Rh8+ Kg6 39. Qxh5+ Kf6 40. Rh6+ Ke7 41. Qe5+ Kf7 42. Qf6+ Kg8 43. e4 b5 44. e5 Rf7 45. Rh8# 1-0

[Event "AUS-ch U12 op"]
[Site "Sandy Bay"]
[Date "2010.01.18"]
[Round "5"]
[White "Parsons, Sasha"]
[Black "Lim, Ethan"]
[Result "0-1"]
[WhiteElo "660"]
[BlackElo "972"]
[PlyCount "76"]
[EventDate "2010.01.14"]
[EventType "swiss"]
[EventRounds "11"]
[EventCountry "AUS"]
[SourceTitle "EXT 2011"]
[Source "ChessBase"]
[SourceDate "2010.11.26"]
[SourceVersion "1"]
[SourceVersionDate "2010.11.26"]
[SourceQuality "1"]

1. d4 d5 2. c4 c6 3. Nf3 e6 4. e3 f5 5. Nc3 Nf6 6. Qc2 Bd6 7. Be2 0-0 8. 0-0 Qc7 9. h3 Nbd7 10. c5 Be7 11. Bd2 Ne4 12. Nxe4 fxe4 13. Nh2 Nf6 14. Qc3 Bd7 15. Ng4 Be8 16. Rac1 Bg6 17. b4 Nxg4 18. Bxg4 Bf5 19. Be2 Rf6 20. Kh1 Rh6 21. f4 exf3 22. Rxf3 Bg4 23. Rcf1 Bxf3 24. Bxf3 Rf6 25. Qd3 Raf8 26. Re1 Qg3 27. Re2 Bd8 28. Be1 Qg5 29. e4 Bc7 30. e5 Rf5 31. Bg4 Rf1+ 32. Kh2 Qe7 33. a3 b6 34. Qc3 bxc5 35. Qxc5 Qxc5 36. bxc5 Kf7 37. Bh4 Rf4 38. Rd2 Rxd4 0-1